Geography Quiz

Random Geography or City Quiz
Score 0/46 Timer 01:00
3 Plays Today
City (Y)es or (N)o? % Correct
Sydney???
81.3%
Melbourne???
81.2%
Canberra???
80.9%
Perth???
80.7%
Brisbane???
80.6%
Adelaide???
79.7%
Darwin???
77.6%
Honolulu???
77.6%
Wollongong???
74.7%
Birmingham???
73.7%
Wagga Wagga???
73.6%
Hobart???
73.5%
Toowoomba???
73%
Cork???
72.9%
Gold Coast???
72.8%
Cape Town???
72.3%
Cairns???
71.5%
Calgary???
71.3%
Sunshine Coast???
71%
Wichita???
70%
Galway???
69.6%
Christchurch???
69.6%
Wellington???
69.2%
City (Y)es or (N)o? % Correct
Geelong???
68.7%
Auckland???
68.1%
Port Said???
67.1%
Coffs Harbour???
67%
Port Louis???
66.7%
Montego Bay???
66%
Durban???
64.9%
Townsville???
64.7%
Mackay???
62.4%
Waterford???
62%
Freeport???
61.5%
Peterborough???
60.6%
Ballarat???
59.7%
Bendigo???
57%
Tralee???
53.5%
Portmore???
52.9%
Shepparton???
52.9%
Cape Coast???
52.6%
Nelson???
52.1%
Dundee???
51.1%
Queanbeyan???
50.6%
Port Elizabeth???
49.3%
Maitland???
45.8%
Remove Ads.
Support Sporcle.
Get the best of Sporcle when you Go Orange. This ad-free experience offers more features, more stats, and more fun while also helping to support Sporcle. Thank you for becoming a member.

You're not logged in!

Compare scores with friends on all Sporcle quizzes.
OR
Log In

Sporcle TV

Today on Sporcle TV


Watch our educational content, quiz creation guides, and fun videos on Sporcle TV.

Show Comments

Extras

Top Quizzes Today


Score Distribution

Paid Content

Your Account Isn't Verified!

In order to create a playlist on Sporcle, you need to verify the email address you used during registration. Go to your Sporcle Settings to finish the process.

Report this User

Report this user for behavior that violates our Community Guidelines.

Details: